00329nam a2200121Ia 4500100000900000942000700009245005300016260000900069082001000078546001200088999001700100952009000117 a#N/A cBK aTree or Three ? Ann Baker - pronunciation course b#N/A b21636 aENGLISH c35284d35284 001040708CDaCRCEbCRCEd2023-03-17l0o 21636pCD2382r2023-03-17w2023-03-17yBK